000 00658nam a2200193Ia 4500
003 GCL
008 140319s9999 xx 000 0 ara d
040 _aGCL /
_cGCL
082 0 4 _a411
_bش ك
100 1 _aشعبان عبدالعزيز خليفة
245 1 0 _aالكتابة العربية /
_cشعبان عبدالعزيز خليفة
260 _aالقاهرة :
_bدار الثقافة العلمية
300 _a353 ص ؛
_c24 سم
650 0 4 _aالكتابة
650 0 4 _aالكتابة الهيروغليفية
650 0 4 _aاللغة العربية - الكتابة
650 0 4 _aالكتابة العربية، علم
942 _2ddc
_cBK
999 _c6000
_d6000